Fizičeskije osnovy segnetoelektričeskich javlenij v kristalach
Guardado en:
| Autores principales: | , |
|---|---|
| Formato: | Libro |
| Lenguaje: | ruso |
| Publicado: |
Moskva :
Nauka,
1983
|
| Etiquetas: |
Sin Etiquetas, Sea el primero en etiquetar este registro!
|
MARC
| LEADER | 00000nam a22000003a 4500 | ||
|---|---|---|---|
| 001 | stu95069 | ||
| 005 | 20150617225814.4 | ||
| 008 | 050718s1983------------------------rus-d | ||
| 040 | |a STU |b slo | ||
| 041 | 0 | |a rus | |
| 080 | |a 537.226 | ||
| 080 | |a 538.9 |7 stu_us_auth*stu7967 | ||
| 100 | 1 | |a Strukov, Boris A. |4 aut | |
| 245 | 1 | |a Fizičeskije osnovy segnetoelektričeskich javlenij v kristalach | |
| 260 | |a Moskva : |b Nauka, |c 1983 | ||
| 300 | |a 239 s | ||
| 700 | 1 | |a Levaňuk, Arkadij P. |4 aut | |
| 996 | |b E54238 |c E*54238 |l EE05 |s P |a 0 |w stu95069_0001 | ||